00958nam a22002537a 450000500170000001000130001702000220003003500130005203700160006504000120008108200170009324501010011024600060021126000450021727000520026230000260031450000500034065000420039065000530043270000280048594200260051399900190053995201460055820170124105920.0 aA-706791 c00.00a8121204631 aA-706791 bCen Lib/Ret aDPLbEN a307.772bTRI aTribes of north-east India :cedited by Sarthak Senguptabbiological and cultural perspectives / b  bGyan Publishing House c1994aNew Delhi  bNew Delhi a5, Ansari Road, Dariya Ganje110002 axxii, 263p.c21cm(Hb) aIncludes bibliographical reference and index  aSocial sciences and historyz 974453 aCultural & Social Dimensions--North-East974454 aSengupta, Sarthak93445 2ddccENh307.772mTRI c123105d123105 04104070aLbLd2015-06-02eCen Lib/Retg0.00l0o307.772 TRIpA-706791r2015-06-02 00:00:00t1v0.00w2015-06-02yENzW/d list no. 6841/13